Summary proceeding of the fourth meeting of the central council of health (Record no. 495400)

000 -LEADER
fixed length control field 00370cam a22001097a 4500
008 - FIXED-LENGTH DATA ELEMENTS--GENERAL INFORMATION
fixed length control field 180718b1956 xxu||||| |||| 00| 0 eng d
082 ## - DEWEY DECIMAL CLASSIFICATION NUMBER
Classification number O096x54 In2a/4
245 ## - TITLE STATEMENT
Title Summary proceeding of the fourth meeting of the central council of health
Statement of responsibility, etc. by Ministry of Health
260 ## - PUBLICATION, DISTRIBUTION, ETC.
Place of publication, distribution, etc. New Delhi
Name of publisher, distributor, etc. President's Press
Date of publication, distribution, etc. 1956
300 ## - PHYSICAL DESCRIPTION
Extent v, 104p
700 ## - ADDED ENTRY--PERSONAL NAME
Personal name India. Ministry of Health
Holdings
Withdrawn status Lost status Damaged status Not for loan Permanent Location Current Location Date acquired Full call number Barcode Date last seen Price effective from Koha item type
        Indian Institute of Public Administration Indian Institute of Public Administration 2018-08-04 O096x54 In2a/4 GR1800 2018-08-04 2018-08-04 GR

Powered by Koha